000 00367nam a22001217a 4500
999 _c13706
_d13706
082 _a891.4915
_bن ا ص
100 _aناصر کاظمی
245 _aکلیات ناصر
_cناصر کاظمی
260 _aلاہور
_bجہانگیر بک ڈپو
_c٢٠٠٥
300 _a(١١٠؛١٨)صفحات
650 _aPoetry
_aNasit Kazmi
_aKulyat e Nasir
942 _cBK